|
|
|
|
| LEADER |
00000nam a2200000 a 4500 |
| 001 |
vtls008387767 |
| 003 |
SK-MaSNL |
| 005 |
20260302020331.0 |
| 008 |
251124s1904 xo slo |
| 015 |
|
|
|a SKSNBA19011918-001419
|
| 035 |
|
|
|a SK01SNKBSKFE20010079984
|
| 035 |
|
|
|a SKM000082447
|
| 040 |
|
|
|a SNK
|b slo
|c SNK
|e AACR2
|
| 041 |
1 |
|
|a slo
|
| 044 |
|
|
|a xo
|
| 080 |
|
|
|a 245
|2 1981
|
| 245 |
1 |
0 |
|a Nová pieseň ku navštívení svätého Kríža, ktorý svätá Helena vynalezla na deň 3. mája
|b pieseň vydaná ku cti a chvále Pána Ježiša Krista roku 1904
|
| 260 |
|
|
|a [S.l.]
|b [s.n.]
|c 1904
|e Banská Bystrica
|f Slov. Grafia
|
| 300 |
|
|
|a [4] s.
|c 8°
|
| 650 |
0 |
7 |
|a duchovné piesne
|2 SNK
|9 1928
|
| 650 |
0 |
7 |
|a knihy
|2 SNKPH
|9 19731
|
| 852 |
|
|
|a Slovenská národná knižnica v Martine
|b 10000
|
| 958 |
|
|
|a ONDV
|
| 958 |
|
|
|a RK
|
| 958 |
|
|
|a TL
|
| 999 |
|
|
|c 1024721
|d 1026651
|
| 952 |
|
|
|a SNK
|b SNK
|y PREZ
|7 0
|p 17A0515993
|o snkSD 14389
|i snkK 4041/60
|8 3
|0 0
|1 0
|4 0
|d 2006-07-20
|l 0
|r 2025-11-27 00:00:00
|w 2026-02-24
|
| 952 |
|
|
|a SNK
|b SNK
|y VYP
|7 0
|p 17A0500507
|o snkSD 14389 D1
|i snkF 4816/81
|8 5
|0 0
|1 0
|4 0
|d 2006-07-20
|l 0
|r 2026-02-24 13:35:30
|w 2026-02-24
|